Phương pháp dạy học Hóa học Hướng dẫn thực hành và giải bài tập hoá học
Guardado en:
| Autor principal: | |
|---|---|
| Formato: | Libro |
| Publicado: |
H.
Đại học Sư Phạm
2008
|
| Edición: | Tái bản lần 1 |
| Etiquetas: |
Agregar Etiqueta
Sin Etiquetas, Sea el primero en etiquetar este registro!
|
| Thư viện lưu trữ: | Mạng thư viện Đại học Đà Nẵng |
|---|
| LEADER | 00957nam a2200229 4500 | ||
|---|---|---|---|
| 001 | 000023105 | ||
| 003 | 19554 | ||
| 005 | 20150812150825.0 | ||
| 008 | 150529s2008 sd | ||
| 100 | 1 | |a Nguyễn Cường |e Chủ biên | |
| 245 | 1 | 0 | |a Phương pháp dạy học Hóa học |b Hướng dẫn thực hành và giải bài tập hoá học |c Nguyễn Cương (ch.b.), Nguyễn Mạnh Dung |
| 250 | |a Tái bản lần 1 | ||
| 260 | |a H. |b Đại học Sư Phạm |c 2008 | ||
| 774 | |a Nguyễn Cương |b Tái bản lần thứ 1, có sửa chữa |d Đại học Sư phạm |d H. |d 2008 |g T.3 |h 128 tr. |n Đầu bìa sách ghi: Bộ Giáo dục và Đào tạo. Dự án Đào tạo giáo viên THCS |t Phương pháp dạy học Hóa học |w 19555 | ||
| OWN | |a LSP | ||
| 999 | |a From the UDN01 | ||
| TYP | |a Monograph | ||
| TYP | |a Printed language | ||
| 980 | |a Mạng thư viện Đại học Đà Nẵng | ||